000 00307nam a2200121Ia 4500
008 190216s9999||||xx |||||||||||||| ||und||
100 _aFrank Ayres Jr
245 0 _aTheory And Problems In Matrices
250 _a3rd Ed.
260 _bTata Mcgrawhill Publishers
_c1977
650 _aMathematics
942 _cBK
999 _c30639
_d30639